Accident research : (Record no. 14266)
[ view plain ]
| 000 -LEADER | |
|---|---|
| fixed length control field | 00776nam a2200253 a 4500 |
| 001 - CONTROL NUMBER | |
| control field | 14266 |
| 003 - CONTROL NUMBER IDENTIFIER | |
| rucl marc code | BD-RjUL |
| 005 - DATE AND TIME OF LATEST TRANSACTION | |
| control field | 20211208235611.0 |
| 008 - FIXED-LENGTH DATA ELEMENTS--GENERAL INFORMATION | |
| fixed length control field | 140205s1964 nyuab b 001 0 eng d |
| 035 ## - SYSTEM CONTROL NUMBER | |
| System control number | (BD-RjUL)14318 |
| 040 ## - CATALOGING SOURCE | |
| Original cataloging agency | LC |
| Language of cataloging | eng |
| Transcribing agency | LC |
| Modifying agency | ABN:1 |
| -- | BD-RjUL |
| 041 ## - LANGUAGE CODE | |
| Language code of text/sound track or separate title | eng |
| 082 04 - DEWEY DECIMAL CLASSIFICATION NUMBER | |
| Classification number | 614.8072 |
| Author mark and year | HAA 1964 |
| 100 1# - MAIN ENTRY--PERSONAL NAME | |
| Personal name | Haddon, William, |
| Dates associated with a name | 1926- |
| 9 (RLIN) | 44554 |
| 245 10 - TITLE STATEMENT | |
| Title | Accident research : |
| Remainder of title | methods and approaches / |
| Statement of responsibility, etc. | William Haddon, Edward A. Suchman, David Klein. |
| 260 ## - PUBLICATION, DISTRIBUTION, ETC. (IMPRINT) | |
| Place of publication, distribution, etc. | New York : |
| Name of publisher, distributor, etc. | Harper & Row, |
| Date of publication, distribution, etc. | c1964. |
| 300 ## - PHYSICAL DESCRIPTION | |
| Pagination | xvi, 752 p. : |
| Illustrations | ill. ; |
| Size | 24 cm. |
| 504 ## - BIBLIOGRAPHY, ETC. NOTE | |
| Bibliography, etc | Includes bibliographies and index. |
| 650 #0 - SUBJECT ADDED ENTRY--TOPICAL TERM | |
| Topical term or geographic name as entry element | Accidents. |
| 9 (RLIN) | 44555 |
| 700 1# - ADDED ENTRY--PERSONAL NAME | |
| Personal name | Suchman, Edward A. |
| Personal name | Klein, David. |
| 942 ## - ADDED ENTRY ELEMENTS (KOHA) | |
| Source of classification or shelving scheme | Dewey Decimal Classification |
| Koha item type | Books |
| Lost status | Source of classification or shelving scheme | Damaged status | Not for loan | Collection code | Permanent Location | Current Location | Shelving location | Date acquired | Source of acquisition | Cost, normal purchase price | Total Checkouts | Full call number | Date last seen | Copy number | Koha item type |
|---|---|---|---|---|---|---|---|---|---|---|---|---|---|---|---|
| Dewey Decimal Classification | Not For Loan | Non-fiction | Central Library, University of Rajshahi | Central Library, University of Rajshahi | Reading Room | 22/03/1968 | Euro - Pak. | 90.00 | 614.8072 HAA 1964 | 05/02/2014 | C-1 | Books | |||
| Dewey Decimal Classification | Non-fiction | Central Library, University of Rajshahi | Central Library, University of Rajshahi | 22/03/1968 | Euro-Pak | 90.00 | 614.8072 HAA 1964 | 29/05/2017 | C-2 | Books |